Welcome to the Holygrace Academy Library

Please use search bar below to get started

SURFACING (Record no. 2582)

MARC details
000 -LEADER
fixed length control field 00739nam a22001457a 4500
020 ## - INTERNATIONAL STANDARD BOOK NUMBER
ISBN 0-860680649
082 ## - DEWEY DECIMAL CLASSIFICATION NUMBER
Classification number 823
Item number ATW/S
100 ## - MAIN ENTRY--AUTHOR NAME
Personal name ATWOOD, MARGARET
245 ## - TITLE STATEMENT
Title SURFACING
260 ## - PUBLICATION, DISTRIBUTION, ETC. (IMPRINT)
Place of publication GREAT BRITAIN
Name of publisher VIRAGO PRESS
Year of publication 2002
300 ## - PHYSICAL DESCRIPTION
Number of Pages 186
520 ## - SUMMARY, ETC.
Summary, etc The book tells the story of a woman who returns to her hometown in Canada to find her missing father. Accompanied by her lover, Joe, and a married couple, Anna and David, the unnamed protagonist meets her past in her childhood house, recalling events and feelings, while trying to find clues to her father's mysterious disappearance. Little by little, the past overtakes her and drives her into the realm of wildness and madness
650 ## - SUBJECT ADDED ENTRY--TOPICAL TERM
Topical Term NOVEL
Geographic subdivision UNITED KINGDOM
942 ## - ADDED ENTRY ELEMENTS (KOHA)
Koha item type Books
Holdings
Withdrawn status Lost status Collection code Home library Current library Shelving location Date acquired Source of acquisition Full call number Accession Number Koha item type
    Fiction Main Library Main Library SHELF-14A -ALPHABETICAL -A--ENGLISH NOVELS & FICTIONS 06/02/2019 purchase 823 ATW/S 11104 Books